| 000 | 00650nam a2200217Ia 4500 | ||
|---|---|---|---|
| 003 | GCL | ||
| 005 | 20240530102408.0 | ||
| 008 | 140319s9999 xx 000 0 ara d | ||
| 040 |
_aGCL / _cGCL |
||
| 082 | 0 | 4 |
_a327.44056 _bف ف |
| 100 | 1 | _aجورج فرشخ | |
| 245 | 1 | 0 |
_aفرنسوا ميتران والقضايا العربية / _cجورج فرشخ |
| 260 |
_a[S.N] : _bمكتبة مدبولى ، _c1985 |
||
| 300 | _a304 ص | ||
| 650 | 0 | 4 | _aفرنسا |
| 650 | 0 | 4 | _aالوطن العربى |
| 650 | 0 | 4 | _aتاريخ حديث |
| 650 | 0 | 4 | _aالعلاقات الخارجية |
| 650 | 0 | 4 | _aالحزب الاشتراكى |
| 942 |
_2ddc _cBK |
||
| 999 |
_c31945 _d31945 |
||